Zvýšenie minimálnej mzdy
Zvýšenie minimálnej mzdy nariadením vlády SR č. 298/2000 Z.z., s účinnosťou od 1.10.2000. Právne dôsledky zmeny výšky minimálnej mzdy na určenie výšky dávok nemocenského poistenia, na nárok na rodičovský príspevok a v dôchodkovom zabezpečení.
Salvato in:
| Autore principale: | |
|---|---|
| Altri autori: | |
| Natura: | Capitolo di libro |
| Lingua: | slovacco |
| Soggetti: | |
| Tags: |
Nessun Tag, puoi essere il primo ad aggiungerne!!
|
MARC
| LEADER | 00000naa a2200000 4500 | ||
|---|---|---|---|
| 001 | r040194 | ||
| 005 | 20230925072332.5 | ||
| 041 | 0 | |a slo | |
| 044 | |a SK | ||
| 245 | 1 | 0 | |a Zvýšenie minimálnej mzdy |c Helena Nováková, Timea Vörösová |
| 520 | |a Zvýšenie minimálnej mzdy nariadením vlády SR č. 298/2000 Z.z., s účinnosťou od 1.10.2000. Právne dôsledky zmeny výšky minimálnej mzdy na určenie výšky dávok nemocenského poistenia, na nárok na rodičovský príspevok a v dôchodkovom zabezpečení. | ||
| 610 | 2 | 0 | |a mzdy minimálne |
| 610 | 2 | 0 | |a zákony |
| 610 | 2 | 0 | |a Slovensko |
| 610 | 2 | 0 | |a dávky poistenia nemocenského |
| 610 | 2 | 0 | |a zabezpečenie dôchodkové |
| 610 | 2 | 0 | |a 2000 |
| 100 | 1 | |a Nováková, Helena | |
| 700 | 1 | |a Vörösová, Timea | |